Taylor Swift - Lover Lyrics - Statistics

General Stats
  • This quiz has been taken 1,225 times
  • The average score is 218 of 254
Answer Stats
Answer % Correct
a
99%
i
98%
lover
98%
you
98%
and
97%
my
97%
we
97%
be
96%
the
96%
this
96%
ever
95%
can
94%
for
94%
your
94%
me
93%
christmas
92%
go
92%
is
92%
january
92%
lights
92%
our
92%
take
92%
up
92%
where
92%
make
91%
til
91%
always
90%
close
90%
place
90%
every
89%
forever
89%
leave
89%
rules
89%
to
88%
you're
88%
home
86%
could
85%
ladies
85%
on
85%
will
85%
all
84%
out
84%
please
84%
stand
84%
with
84%
gentlemen
83%
hand
82%
man
82%
in
81%
of
81%
guitar
78%
that
78%
force
77%
living
77%
room
77%
friends
76%
magnetic
76%
string
76%
want
76%
i'll
75%
have
74%
call
73%
save
73%
years
73%
or
72%
scar
72%
twenty
72%
about
71%
crash
71%
dear
71%
let
71%
seconds
71%
table
71%
who
71%
i'm
70%
jokes
70%
seat
70%
everyone
69%
known
69%
there's
69%
at
68%
loved
68%
now
68%
three
68%
you'll
68%
summers
67%
been
66%
dazzling
66%
highly
66%
i've
66%
oh
66%
wants
66%
way
66%
end
65%
honey
65%
mysterious
65%
sees
65%
dirtiest
64%
suspicious
64%
your's
64%
has
63%
heart's
63%
true
63%
well
62%
but
60%
overdramatic
60%
blue
59%
haze
59%
all's
58%
swear
58%
ends
56%
'em
54%
borrowed
53%
ah
51%
darling
43%
No matching quizzes found
Score Distribution
Percent of People with Each Score
Percentile by Number Answered
Your Score History
You have not taken this quiz